| 000 | 01269naa a22003737a 4500 | ||
|---|---|---|---|
| 001 | BR9400352 | ||
| 003 | BR-BrBNA | ||
| 005 | 20240918181104.0 | ||
| 007 | ta | ||
| 008 | 230509b bl.||||| |||| 00| 0 por d | ||
| 040 |
_aBR-BrBNA _bpor _cBiblioteca Nacional de Agricultura |
||
| 041 | _a(Pt) | ||
| 072 |
_aF06; P10 _b0120 |
||
| 090 | _aF06 BR9400352 | ||
| 100 | 1 | _aFiorin, J.E. | |
| 100 | 1 | _aAlbuquerque, J.A. | |
| 100 | 1 | _aReinert, D.J. | |
| 100 | 1 | _aMutti, L.S.M. | |
| 100 | 1 | _aMissio, E. | |
| 100 | 1 | _aSilva, E.P. da | |
| 100 | 1 | _aFontinelli, F. | |
| 111 | 1 |
_a22. Congresso Brasileiro de Engenharia Agricola _cIlheus, BA (Brazil) _d19-23 Jul 1993 |
|
| 245 | 1 | _aArmazenamento de agua no solo como fator de variacao da produtividade do milho | |
| 260 | 3 |
_aIlheus, BA (Brasil): _c1993. |
|
| 500 | _a22. Congresso Brasileiro de Engenharia Agricola. Anais Ilheus, BA (Brasil): 1993. v. 5 p. 3009-3023 (BR9400352-AM)F06 | ||
| 650 | _aMilho | ||
| 650 | _aCultura Irrigada | ||
| 650 | _aAgua | ||
| 650 | _aArmazenamento | ||
| 650 | _aProdutividade | ||
| 773 | 0 |
_t22. Congresso Brasileiro de Engenharia Agricola. Anais _wF06 BR9400352 _gIlheus, BA (Brasil), 1993. v. 5 p. 3009-3023 |
|
| 909 |
_a202404 _bLucia _c55 _dLucia Elande |
||
| 942 |
_cAM _2AGRIS |
||
| 999 |
_c323570 _d323570 |
||